The Houses in Multiple Occupation (Certain Converted Blocks of Flats) (Modifications to the Housing Act 2004 and Transitional Provisions for section 257 HMOs) (England) Regulations 2007 (Record no. 107327)

MARC details
000 -LEADER
fixed length control field 01737cam a22002535a 4500
001 - CONTROL NUMBER
control field L139690
008 - FIXED-LENGTH DATA ELEMENTS--GENERAL INFORMATION
fixed length control field 070803s2007 xxk f g 000 0 eng d
020 ## - INTERNATIONAL STANDARD BOOK NUMBER
International Standard Book Number 9780110777528
035 ## - SYSTEM CONTROL NUMBER
System control number (Sirsi) u139690
041 0# - LANGUAGE CODE
Language code of text/sound track or separate title eng
050 04 - LIBRARY OF CONGRESS CALL NUMBER
Classification number 306.026 $2 18
110 1# - MAIN ENTRY--CORPORATE NAME
Corporate name or jurisdiction name as entry element United Kingdom
Form subheading Laws, etc
9 (RLIN) 5044
245 04 - TITLE STATEMENT
Title The Houses in Multiple Occupation (Certain Converted Blocks of Flats) (Modifications to the Housing Act 2004 and Transitional Provisions for section 257 HMOs) (England) Regulations 2007
Medium [electronic resource]
490 #0 - SERIES STATEMENT
Series statement Statutory Instrument
Volume/sequential designation 2007: 1904
520 ## - SUMMARY, ETC.
Summary, etc. Comes into force 1 October 2007. Alters definitions applying to Houses in Multiple Occupation (HMOs) within the Housing Act 2004 parts 2 and 4, and section 263. The definitions are a person having control; matters a local housing authority considers when granting a licence; licence conditions; the person in respect of whom a rent repayment order can be made; and the circumstances when notices are served. Regulations in respect of overcrowding in section 257 of the Act are also altered. Also makes transitional provisions in respect of section 257 HMOs registered in the repealed Housing Act 1985 Part 11 scheme.
590 ## - LOCAL NOTE (RLIN)
Local note KA
650 24 - SUBJECT ADDED ENTRY--TOPICAL TERM
Topical term or geographic name entry element HOUSING ACT 2004 PART II
650 24 - SUBJECT ADDED ENTRY--TOPICAL TERM
Topical term or geographic name entry element HOUSES IN MULTIPLE OCCUPATION (CERTAIN CONVERTED BLOCKS OF FLATS) (MODIFICATIONS TO THE HOUSING ACT 2004 AND TRANSITIONAL PROVISIONS FOR SECTION 257 HMOS) (ENGLAND) REGULATIONS 2007
650 24 - SUBJECT ADDED ENTRY--TOPICAL TERM
Topical term or geographic name entry element HOUSING ACT 2004 S257
651 #4 - SUBJECT ADDED ENTRY--GEOGRAPHIC NAME
Geographic name England
Chronological subdivision 886-
690 ## - LOCAL SUBJECT ADDED ENTRY--TOPICAL TERM (OCLC, RLIN)
Topical term or geographic name as entry element PROPERTY-RESIDENTIAL PROPERTY-RESIDENTIAL PROPERTY MANAGEMENT
856 40 - ELECTRONIC LOCATION AND ACCESS
Uniform Resource Identifier <a href="https://www.opsi.gov.uk/si/si2007/20071904.htm">https://www.opsi.gov.uk/si/si2007/20071904.htm</a>
Public note View the article free of charge at www.opsi.gov.uk...
942 ## - ADDED ENTRY ELEMENTS (KOHA)
Suppress in OPAC 0
Holdings
Withdrawn status Lost status Source of classification or shelving scheme Damaged status Not for loan Home library Current library Shelving location Date acquired Total Checkouts Full call number Barcode Date last seen Copy number Price effective from Koha item type
    Dewey Decimal Classification     Virtual Virtual Online 03/08/2007   ONLINE PUBLICATION 139690-1001 06/08/2019 1 06/08/2019 Book